Le Tadjikistan pour les touristes... - Facile - Statistiques

Statistiques générales
  • Ce quiz a été pris 9 fois
  • Le résultat moyen est 10 sur 20
Statistiques - réponses
Question Indice Réponses Indice facile % Correct
Quelles sont les langues officielles ? Russe R
100%
Quelles sont les langues officielles ? Tadjik T
100%
La religion majoritaire est Islam I
86%
Code sur les plaques minéralogiques TJ
86%
Le suffixe internet est tj
86%
Dans la capitale quel est le décalage horaire avec Paris ? (+ ou - et chiffre) ex - 10 ou + 3,5 + 3
71%
Combien d'heures (environ) mettrez-vous pour vous y rendre ? (en chiffres) 4
71%
Achats à faire 1/ Bijoux en... Argent A
71%
Le principal aéroport est D Douchanbé
71%
Achats à faire 3/ Figurines en... Feutre FUERTE
43%
Quelles sont les principaux lieux touristiques ? P Route du {Pamir} MIRAP
43%
Comment se nomme la principale compagnie aérienne locale T A Tadjikistan Airlines IINSNJKIIALSDRATTAE
43%
Quel est le régime du pays ? R P République présidentielle
29%
Quelle est la monnaie ? Somoni S
29%
Achats à faire 2/ Pour la cuisine Epices PIECES
14%
Quel est le climat local ? M Méditerranéen
14%
Quelles sont les principaux lieux touristiques ? K Ville de {Khorog} HOROKG
14%
Quelles sont les principaux lieux touristiques ? I Lac {Iskanderkoul} KLNOEKUIRDSA
0%
Quelles sont les principaux lieux touristiques ? G Vallée de {Geisev} IVESEG
0%
Quelles sont les principaux lieux touristiques ? W Vallée de {Wakhan} NAHAKW
0%
Aucun quiz correspondant
Distribution des résultats
% des personnes avec chaque résultat
Percentile par nombre de réponses
Votre historique - résultats
Vous n’avez pas pris ce quiz